Koncepcia rozvoja kombinátneho podniku ZŤS Dubnica nad Váhom záverečná práca postgraduálneho štúdia

Enregistré dans:
Détails bibliographiques
Auteur principal: Kňažek, Peter
Collectivité auteur: Vysoká škola ekonomická v Bratislave
Autres auteurs: Vincúr, Pavol
Format: Livre
Langue:slovaque
Publié: Bratislava 1990
Tags: Ajouter un tag
Pas de tags, Soyez le premier à ajouter un tag!

MARC

LEADER 00000nam a2200000 4500
001 c029852
005 20230116095105.5
041 0 |a slo 
044 |a SK 
245 1 0 |a Koncepcia rozvoja kombinátneho podniku ZŤS Dubnica nad Váhom  |b záverečná práca postgraduálneho štúdia  |c Peter Kňažek ; Ved. práce Pavol Vincúr 
264 1 |a Bratislava  |c 1990 
300 |a 36 s. 
100 1 |a Kňažek, Peter 
700 1 |a Vincúr, Pavol 
710 2 |a Vysoká škola ekonomická v Bratislave